1989 1814 1775 1610 1848 1363 1449 1236 1203 1804 1884 1019 1494 1155 1600 1884 1736 1835 1379 1832 1585 1814 1551 1757 1279 1065 1541 1100 1462 1007 1845 1650 1588 1091 1929 1194 1118 1548 1058 1424 1865 1501 1574 1440 1857 1098 1339 1283 1232 1894 1298 1676 1096 1086 1528 1493 2000 1797 1596 1610 1684 1154 1457 1950 1812 1851 1932 1526 1750 1182 1123 1669 1670 1697 1703 1718 1014 1410 1310 1160 1202 1232 1537 1161 1371 1564 1018 1616 1699 1954 1619 1789 1544 1105 1557 1977 1277 1893 1967 BCNSPRNW ULIB Ver.6.0+V

เปลี่ยนเป็นภาษาไทย

Change to English
 แสดงรายละเอียดบรรณานุกรม
  กลับหน้าหลัก

Brief Record : Get Marc (ISO 2709) : E-mail record : QR code < ปิดหน้าต่าง
LEADER : 00000nam 2200000uu 4500
001    13399110178
003     ULIB
008    110425s2551||||th 000 0 tha d
020    9789740321996
060 04 WK810^bส723ค 2551
100 0  สิทธิพร แอกทอง
245 10 ความผิดปกติของเส้นประสาทส่วนปลายในโรคเบาหวาน :^bความรู้ความเข้าใจเกี่ยวกับสาเหตุการเกิดในปัจจุบัน = Diabetic neuropathy : current concept on etiologies /^cสิทธิพร แอกทอง
246 31 Diabetic neuropathy :^bcurrent concept on etiologies
250    พิมพ์ครั้งที่ 1
260    กรุงเทพฯ :^bโรงพิมพ์แห่งจุฬาลงกรณ์มหาวิทยาลัย,^c2551
300    84 หน้า :^bภาพประกอบ ;^c21 ซม.
650  7 เบาหวาน^xภาวะแทรกซ้อน
650  7 ประสาทเปลี่ยนแปลงเพราะเบาหวาน
945    ^p90^l0^i026323
945    ^p90^l0^i026321
945    ^p90^l0^i025429
945    ^p90^l0^i025428
945    ^p90^l0^i023862
945    ^p90^l0^i026322
945    ^p90^l0^i023861
995    ทศพร
999 ^a ใช้งานได้ทุกระบบ
รายการนี้ยังไม่มีแท็ก
คุณยังไม่ได้ล็อกอิน คุณสามารถมีกิจกรรมร่วมกับเว็บไซต์ได้ แต่ต้องล็อกอินก่อน ::
  ล็อกอิน

รายการสื่อสารสนเทศ

ลำดับที่ ประเภท เลขเรียก/บาร์โค้ด สถานที่ สถานะ
- ไม่พบข้อมูล -

รายการใกล้เคียง
    ผู้แต่ง [สิทธิพร แอกทอง]

    หัวเรื่อง [ประสาทเปลี่ยนแปลงเพราะเบาหวาน]

BibComment


ยังไม่เคยถูกคอมเมนท์

คอมเมนท์ทรัพยากรรายการนี้
  คอมเมนท์: ความผิดปกติของเส้..


 Copyright 2026. Bcnsprnw @Library